01010cam a22002535a 450000500170000000800410001702000150005802000150007304000380008808200220012624501770014826000400032530000330036549000540039865000330045265000440048565100100052965300230053970000240056270000240058694200080061099900170061895201210063520171112140643.0171112t1987 gw a fr 000 0 eng d a3540179003 a0387179003 aEG-ScBUEbengcEG-ScBUEdEG-ScBUE04222a629.8312bOPT00aOptimal control :bproceedings of the Conference on Optimal Control and Variational Calculus, Oberwolfach West -Germany, June 15-21.1986 /cedited by M. Thoma and A. Wyner. aBerlin :bSpringer-Verlag,cc.1987. axi, 330 p. :bill. ;c24 cm.0 aLecture notes in control and information sciences 72BUEsh93461aControl theory. 793485aMathematical optimization.2BUEsh 2BUEsh bGGENcNovember20171 aThoma, M.,eeditor.1 aWyner, A.,eeditor. 2ddc c25565d25537 00102ddc40708AlahramaMAINbMAINc1STd2017-11-12ePurchasel0o629.8312 OPTp000012385r2025-07-15 00:00:00yBB